000 00730na a2200253 4500
001 13111
003 MIRAKIL
005 20181213155040.0
008 161025b tu 000 0
035 _a13111
040 _aMilas
_btur
_cTR-AnCHP
041 _atur
082 _a339.2207
_bE46 1998
090 _a339.2207 E46 1998
245 _aEkonomik hesaplamalarda bir birim olarak aile
_chazırlayan: T.C. Başbakanlık Aile Araştırma Kurumu Başkanlığı
260 _aAnkara
_c1998
300 _axix, 348 s.
_btbl.
_c24 sm.
490 _aBilim serisi
_v112
650 _aTüketim
650 _aEkonomi
_xSosyal politikalar
_xHane halkı
650 _aGelir dağılımı
_xAile
650 _aAile
942 _2ddc
_cBKS
999 _c5567
_d5567